| 000 | 00712nam a22001937a 4500 | ||
|---|---|---|---|
| 999 |
_c169741 _d169741 |
||
| 005 | 20191202125657.0 | ||
| 010 | _aUR-10644 | ||
| 020 |
_c200.00 _a9789389002256 |
||
| 035 | _aU-9199 | ||
| 037 |
_bDBAD/PUB _a- |
||
| 082 | _a844.08 | ||
| 100 | _aبٹ فر د و س ا حمد | ||
| 245 |
_aعظيم ر ا ہی بحثيت ا فسا نچہ نگا ر _cبٹ فر د و س ا حمد |
||
| 246 |
_bDr. Azeem Rahi:Bahaisiyat Afsancha Nigar (Urdu) _aby Firdous Ahmad Bhat |
||
| 260 |
_aDelhi _bEducational Publishing House _c2019 ء |
||
| 270 |
_a3191,Vakil Street, Kucha Pandit,Lal Kuan, _bDelhi _e110006 _k01123216162 _l- |
||
| 300 |
_a144 ص _c22 Cm(Hb) |
||
| 942 |
_2ddc _cUR _h844.08 _mب ٹ ف |
||